Giáo trình kỹ thuật điện
Nội dung sách trình bày cho giáo viên và học sinh các trường trung học chuyên nghiệp thuộc khối xây dựng : dòng điện xoay chiều 3 pha, đo lường điện, máy biến áp, động cơ điện không đồng bộ 3 pha, độ chiếu sáng, đường dây dẫn điện, chống...
Gardado en:
| Autor Corporativo: | |
|---|---|
| Formato: | Libro |
| Idioma: | Undetermined |
| Publicado: |
Hà Nội
Xây dựng
2005
|
| Những chủ đề: | |
| Các nhãn: |
Engadir etiqueta
Sen Etiquetas, Sexa o primeiro en etiquetar este rexistro!
|
| Thư viện lưu trữ: | Trung tâm Học liệu Trường Đại học Cần Thơ |
|---|
| LEADER | 01081nam a2200229Ia 4500 | ||
|---|---|---|---|
| 001 | CTU_42499 | ||
| 008 | 210402s9999 xx 000 0 und d | ||
| 020 | |c 20000 | ||
| 082 | |a 621.3 | ||
| 082 | |b B450 | ||
| 110 | |a Bộ xây dựng | ||
| 245 | 0 | |a Giáo trình kỹ thuật điện | |
| 245 | 0 | |c Bộ xây dựng | |
| 260 | |a Hà Nội | ||
| 260 | |b Xây dựng | ||
| 260 | |c 2005 | ||
| 520 | |a Nội dung sách trình bày cho giáo viên và học sinh các trường trung học chuyên nghiệp thuộc khối xây dựng : dòng điện xoay chiều 3 pha, đo lường điện, máy biến áp, động cơ điện không đồng bộ 3 pha, độ chiếu sáng, đường dây dẫn điện, chống sét cho các công trình xây dựng, an toàn lao động điện. | ||
| 526 | |a TT. Kỹ thuật điện 1 | ||
| 526 | |b SP348 | ||
| 650 | |a Electrical engineering | ||
| 904 | |i Minh, Kiều Nguyên | ||
| 980 | |a Trung tâm Học liệu Trường Đại học Cần Thơ | ||